| 000 | 00704nam a22002057a 4500 | ||
|---|---|---|---|
| 005 | 20170227144636.0 | ||
| 010 | _a1617EN ENG-116986 | ||
| 020 |
_a9788129140265 _c395.00 |
||
| 035 | _aB-648196-214 | ||
| 035 | _aEN-100518 | ||
| 037 |
_adpl _bPansy |
||
| 082 | _a880 | ||
| 100 | _aGibran, Khalil | ||
| 245 |
_aThe definitive / _cby Khalil Gibran |
||
| 260 |
_aNew Delhi _bRupa Pub. _c2016 |
||
| 270 |
_a7/16, Ansari Road, Daryaganj _bNew Delhi _e110002 |
||
| 300 |
_a625 p. _c20cm (hb) |
||
| 942 |
_2ddc _cEN _h880 _mGIB |
||
| 999 |
_c102180 _d102180 |
||